[Event "Siracusa op 2nd"]
[Site "Siracusa"]
[Date "2007.09.04"]
[Round "3"]
[White "Condorelli, Roberto"]
[Black "Mangiafico, Francesco"]
[Result "1-0"]
[WhiteElo "1575"]
[BlackElo "1392"]
[PlyCount "99"]
[EventDate "2007.09.02"]
[EventType "swiss"]
[EventRounds "9"]
[EventCountry "ITA"]
[SourceTitle "EXT 2010"]
[Source "ChessBase"]
[SourceDate "2010.11.25"]
[SourceVersion "1"]
[SourceVersionDate "2010.11.25"]
[SourceQuality "1"]

1. Nf3 c5 2. c4 d6 3. d4 cxd4 4. Nxd4 Nf6 5. Nc3 Nc6 6. e4 Nxd4 7. Qxd4 e6 8. Bg5 Be7 9. Be2 e5 10. Qd1 h6 11. Bxf6 Bxf6 12. 0-0 0-0 13. Qc2 Be6 14. Rfd1 Be7 15. b3 f5 16. Bf3 f4 17. Rd2 Qe8 18. Nb5 Qg6 19. Kf1 Bg4 20. Bxg4 Qxg4 21. Nxd6 f3 22. gxf3 Qxf3 23. Nf5 Qh1+ 24. Ke2 Qxa1 25. Rd1 Qxd1+ 26. Qxd1 Rfd8 27. Nxe7+ Kf7 28. Nd5 a5 29. a3 g5 30. Qg1 Rg8 31. Qg4 Rg7 32. Qf5+ Kg8 33. Qxe5 Rf8 34. Nf6+ Kh8 35. Nh5 Rfg8 36. Nxg7 Rxg7 37. b4 axb4 38. axb4 g4 39. c5 Kh7 40. b5 Rg6 41. Qd5 Rg7 42. c6 bxc6 43. bxc6 Ra7 44. Qd7+ Rxd7 45. cxd7 Kg6 46. d8Q Kh5 47. Qd5+ Kh4 48. Qe5 h5 49. h3 Kxh3 50. Qg3# 1-0

[Event "Siracusa op"]
[Site "Siracusa"]
[Date "2006.09.29"]
[Round "8"]
[White "Cappello, Antonino"]
[Black "Mangiafico, Francesco"]
[Result "1-0"]
[WhiteElo "1631"]
[BlackElo "1416"]
[PlyCount "78"]
[EventDate "2006.09.23"]
[EventType "swiss"]
[EventRounds "9"]
[EventCountry "ITA"]
[SourceTitle "EXT 2011"]
[Source "ChessBase"]
[SourceDate "2010.11.26"]
[SourceVersion "1"]
[SourceVersionDate "2010.11.26"]
[SourceQuality "1"]

1. d4 e6 2. c4 b6 3. Nc3 Bb4 4. Bd2 Bxc3 5. Bxc3 Nf6 6. e3 Ne4 7. Qc2 Nxc3 8. Qxc3 0-0 9. Be2 Bb7 10. Bf3 Bxf3 11. Nxf3 d6 12. 0-0-0 Nd7 13. h4 Nf6 14. Qd3 Ng4 15. Rd2 f5 16. Ng5 Qf6 17. f3 h6 18. Nh3 Qxh4 19. fxg4 fxg4 20. Nf2 Qg3 21. Ne4 Rf1+ 22. Rxf1 Qh4 23. g3 Qe7 24. Rdf2 d5 25. cxd5 exd5 26. Nc3 c6 27. Rf4 b5 28. Rxg4 Rf8 29. Rxf8+ Qxf8 30. Rf4 Qd6 31. e4 b4 32. Na4 g5 33. e5 Qd7 34. Qg6+ Qg7 35. Qxg7+ Kxg7 36. Rf1 g4 37. e6 h5 38. e7 h4 39. gxh4 g3 1-0

[Event "Siracusa op"]
[Site "Siracusa"]
[Date "2006.09.27"]
[Round "6"]
[White "Gandolfo, Marco"]
[Black "Mangiafico, Francesco"]
[Result "0-1"]
[WhiteElo "2073"]
[BlackElo "1416"]
[PlyCount "84"]
[EventDate "2006.09.23"]
[EventType "swiss"]
[EventRounds "9"]
[EventCountry "ITA"]
[SourceTitle "EXT 2011"]
[Source "ChessBase"]
[SourceDate "2010.11.26"]
[SourceVersion "1"]
[SourceVersionDate "2010.11.26"]
[SourceQuality "1"]

1. e4 e6 2. Nf3 g6 3. d3 c5 4. Bf4 Bg7 5. Bg5 f6 6. Bf4 e5 7. Be3 b6 8. d4 cxd4 9. Bc1 Bb7 10. Qe2 Ba6 11. Qd2 Ne7 12. Qb4 Nbc6 13. Qb3 Bxf1 14. Kxf1 Na5 15. Qd3 0-0 16. c3 Qc7 17. cxd4 Qxc1+ 18. Ne1 Qxb2 19. Qc3 Qxc3 20. Nxc3 exd4 21. Nb5 f5 22. Nc7 Rac8 23. Rc1 Nac6 24. Nb5 Be5 25. Nd3 fxe4 26. Nxe5 Nxe5 27. Rxc8 Rxc8 28. Nxd4 Rc1+ 29. Ke2 Rxh1 30. Nc2 Rxh2 31. f3 Rxg2+ 32. Kd1 exf3 33. Ne3 Rg1+ 34. Kd2 Ng4 35. Nd1 f2 36. Nxf2 Nxf2 37. Ke2 Ng4 38. Kf3 h5 39. Kf4 h4 40. Kg5 h3 41. Kh4 h2 42. Kh3 h1Q# 0-1